[Event "4.liga A22 2019/2020"]
[Site "?"]
[Date "2019.10.13"]
[Round "1.1"]
[White "Bango, Lukas"]
[Black "Skreko, Igor"]
[Result "1-0"]
[WhiteElo "2211"]
[BlackElo "1793"]
[PlyCount "57"]
[EventDate "2019.10.13"]
[WhiteTeam "ŠK KOMPLET Trnava - Modranka B"]
[BlackTeam "ŠK KOMPLET Trnava - Modranka juniori"]

1. Nf3 c5 2. g3 g6 3. Bg2 Bg7 4. O-O Nc6 5. c4 e5 6. Nc3 Nge7 7. d3 d6 8. a3 h6
9. Rb1 a5 10. Ne1 O-O 11. Nc2 f5 12. Bd2 g5 13. b4 axb4 14. axb4 cxb4 15. Nxb4
Nxb4 16. Rxb4 Nc6 17. Ra4 Rxa4 18. Qxa4 Bd7 19. Qb3 Bc8 20. Nb5 f4 21. c5+ Kh8
22. Nxd6 Qe7 23. Bc3 fxg3 24. fxg3 Rxf1+ 25. Kxf1 Qf6+ 26. Ke1 Be6 27. Qxb7 Nd8
28. Qb8 Bf8 29. Nb7 1-0

[Event "4.liga A22 2019/2020"]
[Site "?"]
[Date "2019.10.13"]
[Round "1.1"]
[White "Libich, Oliver"]
[Black "Bango, Dominik"]
[Result "1-0"]
[WhiteElo "1279"]
[BlackElo "1887"]
[PlyCount "69"]
[EventDate "2019.10.13"]
[WhiteTeam "ŠK KOMPLET Trnava - Modranka juniori"]
[BlackTeam "ŠK KOMPLET Trnava - Modranka B"]

1. d4 d5 2. c4 e6 3. Nf3 Nf6 4. Nc3 Nbd7 5. e3 b6 6. cxd5 exd5 7. Bd3 Bd6 8.
Bd2 a6 9. Qc2 O-O 10. O-O Re8 11. Rac1 Bb7 12. Rfe1 Ne4 13. Bf1 Rc8 14. h3 Ndf6
15. Nxe4 Nxe4 16. Bc3 Qf6 17. Bd3 Qe7 18. Nd2 Rcd8 19. Nxe4 dxe4 20. Be2 Bc8
21. a3 Qg5 22. Kh1 Re6 23. Rg1 Rh6 24. Bf1 Bxh3 25. gxh3 Qf5 26. f4 Re8 27. Rg5
Qe6 28. d5 Qd7 29. Bxg7 Rg6 30. Rxg6 fxg6 31. Be5 Bc5 32. Qxe4 Qe7 33. Qc4 Kf8
34. b4 Bxe3 35. Qxc7 1-0

[Event "4.liga A22 2019/2020"]
[Site "?"]
[Date "2019.10.13"]
[Round "1.1"]
[White "Lopatievov, Alexander"]
[Black "Libich, Simon"]
[Result "1-0"]
[WhiteElo "1846"]
[BlackElo "1124"]
[PlyCount "57"]
[EventDate "2019.10.13"]
[WhiteTeam "ŠK KOMPLET Trnava - Modranka B"]
[BlackTeam "ŠK KOMPLET Trnava - Modranka juniori"]

1. e4 Nf6 2. Nc3 e5 3. f4 d6 4. Nf3 Nc6 5. Bb5 exf4 6. d4 a6 7. Bxc6+ bxc6 8.
Bxf4 Be7 9. Qd2 Bg4 10. h3 Bxf3 11. gxf3 Nh5 12. Be3 a5 13. O-O-O O-O 14. Rhg1
g6 15. f4 Qc8 16. Qg2 Bf6 17. Qf3 Bg7 18. Rg2 Qd7 19. f5 Nf6 20. e5 dxe5 21.
dxe5 Nd5 22. f6 Bh8 23. Rgd2 Rfe8 24. Rxd5 cxd5 25. Nxd5 Qc8 26. Ne7+ Rxe7 27.
fxe7 Qe8 28. Qxa8 Qxa8 29. Rd8+ 1-0

[Event "4.liga A22 2019/2020"]
[Site "?"]
[Date "2019.10.13"]
[Round "1.1"]
[White "Biskupic, Adam"]
[Black "Kramar, Matus"]
[Result "0-1"]
[WhiteElo "1060"]
[BlackElo "1646"]
[PlyCount "78"]
[EventDate "2019.10.13"]
[WhiteTeam "ŠK KOMPLET Trnava - Modranka juniori"]
[BlackTeam "ŠK KOMPLET Trnava - Modranka B"]

1. e4 c5 2. b3 Nc6 3. Bb2 d6 4. Bb5 Nf6 5. d3 g6 6. h3 Bg7 7. Nf3 O-O 8. O-O e5
9. Nc3 Nd4 10. Re1 a6 11. Bc4 Bd7 12. Nd5 b5 13. Nxf6+ Qxf6 14. Bd5 Rab8 15. c3
Nxf3+ 16. Qxf3 Qxf3 17. gxf3 Bxh3 18. Kh2 Be6 19. Bxe6 fxe6 20. Kg2 Rf7 21. Rh1
Rbf8 22. Rh3 d5 23. Rah1 h5 24. Rg3 Kh7 25. Rg1 Bh6 26. exd5 exd5 27. d4 cxd4
28. cxd4 e4 29. Rf1 exf3+ 30. Kh1 Re8 31. Bc3 Re2 32. Be1 Rxa2 33. Rfg1 Rf6 34.
b4 Re2 35. Rh3 Rfe6 36. Bc3 Rxf2 37. Rgg3 Re3 38. Ba1 Re1+ 39. Rg1 Rff1 0-1

[Event "4.liga A22 2019/2020"]
[Site "?"]
[Date "2019.10.13"]
[Round "1.1"]
[White "Lezovic, Maros"]
[Black "Lopasovsky, Artur"]
[Result "1-0"]
[WhiteElo "1834"]
[BlackElo "1085"]
[PlyCount "37"]
[EventDate "2019.10.13"]
[WhiteTeam "ŠK KOMPLET Trnava - Modranka B"]
[BlackTeam "ŠK KOMPLET Trnava - Modranka juniori"]

1. e4 e5 2. Nf3 Nc6 3. d4 exd4 4. Nxd4 d6 5. Nc3 Nf6 6. f3 g6 7. Bg5 Bg7 8. Qd2
O-O 9. O-O-O Re8 10. h4 Be6 11. h5 Qd7 12. h6 Bh8 13. Bb5 Kf8 14. e5 Ng8 15.
exd6 Bxd4 16. Bxc6 Qxc6 17. Qxd4 f6 18. Bxf6 Nxf6 19. Qxf6+ 1-0

[Event "4.liga A22 2019/2020"]
[Site "?"]
[Date "2019.10.13"]
[Round "1.2"]
[White "Vegh, Vince"]
[Black "Bugar, Peter"]
[Result "0-1"]
[WhiteElo "1932"]
[BlackElo "1974"]
[PlyCount "78"]
[EventDate "2019.10.13"]
[WhiteTeam "MĹ K Corvin VeÄľkĂ˝ Meder"]
[BlackTeam "Ĺ K DunajskĂˇ Streda C"]

1. e4 e6 2. Qe2 Be7 3. Nf3 d5 4. exd5 exd5 5. d4 Nf6 6. g3 O-O 7. Bg2 Nc6 8.
O-O Re8 9. c3 Bf5 10. Qd1 Bd6 11. Bg5 h6 12. Bxf6 Qxf6 13. Nbd2 Bd3 14. Re1 Na5
15. Qa4 Nc6 16. Qb3 Ne7 17. Ne5 Bxe5 18. Rxe5 Nc6 19. Rxe8+ Rxe8 20. Bf1 Bxf1
21. Kxf1 Qf5 22. Kg2 Re2 23. Nf3 Na5 24. Qd1 Qe4 25. Qb1 Rc2 26. Qe1 Nc4 27. b3
Re2 28. bxc4 Rxe1 29. Rxe1 Qd3 30. Re8+ Kh7 31. Ne5 Qe4+ 32. f3 Qe2+ 33. Kh3 f6
34. cxd5 fxe5 35. dxe5 Qxf3 36. Re7 Qf1+ 37. Kh4 Qf5 38. d6 h5 39. h3 Kh6 0-1

[Event "4.liga A22 2019/2020"]
[Site "?"]
[Date "2019.10.13"]
[Round "1.2"]
[White "Matis, Tibor"]
[Black "Csefalvay, Stefan"]
[Result "1-0"]
[WhiteElo "1875"]
[BlackElo "1773"]
[PlyCount "69"]
[EventDate "2019.10.13"]
[WhiteTeam "Ĺ K DunajskĂˇ Streda C"]
[BlackTeam "MĹ K Corvin VeÄľkĂ˝ Meder"]

1. e4 c5 2. Nf3 e6 3. d4 cxd4 4. Nxd4 a6 5. c4 d6 6. Nc3 Nc6 7. Be2 Be7 8. O-O
Nf6 9. Be3 Bd7 10. f4 Qc7 11. Rc1 Rc8 12. Kh1 h5 13. f5 Ne5 14. fxe6 fxe6 15.
b3 Neg4 16. Bg1 g6 17. Qd3 Qa5 18. Nf3 Rf8 19. h3 Ne5 20. Nxe5 dxe5 21. Rf3 Bc6
22. Be3 Rd8 23. Qc2 Nd7 24. Rxf8+ Nxf8 25. Nd1 Bb4 26. Bd3 Qc7 27. Nf2 Rd7 28.
Rd1 Rf7 29. c5 Bb5 30. Bxb5+ axb5 31. Nd3 Ba3 32. b4 b6 33. Qb3 Qa7 34. Nxe5
Re7 35. cxb6 1-0

[Event "4.liga A22 2019/2020"]
[Site "?"]
[Date "2019.10.13"]
[Round "1.2"]
[White "Sebok, Kristian"]
[Black "Minarik, Jozef"]
[Result "0-1"]
[WhiteElo "1439"]
[BlackElo "1619"]
[PlyCount "72"]
[EventDate "2019.10.13"]
[WhiteTeam "MĹ K Corvin VeÄľkĂ˝ Meder"]
[BlackTeam "Ĺ K DunajskĂˇ Streda C"]

1. e4 c5 2. c4 Nc6 3. Nf3 d6 4. Nc3 g6 5. d3 Bg7 6. Bd2 Nf6 7. Be2 O-O 8. O-O
Bg4 9. h3 Bxf3 10. Bxf3 Nd7 11. Be3 a6 12. Rc1 e6 13. Qd2 Nde5 14. Be2 Qc7 15.
f4 Nd7 16. Bg4 Rfe8 17. a3 Nd4 18. Rb1 Rab8 19. Ne2 Nxe2+ 20. Qxe2 b5 21. b3
bxc4 22. bxc4 Rxb1 23. Rxb1 Rb8 24. Qc2 Rb6 25. Bd2 Qb7 26. Rxb6 Qxb6 27. Bc3
Bd4+ 28. Bxd4 cxd4 29. Be2 Nc5 30. Kf2 Kg7 31. Bd1 Nxe4+ 32. Kf3 Nc3 33. Be2 a5
34. Bf1 a4 35. Qf2 Nd1 36. Qe3 Nxe3 0-1

[Event "4.liga A22 2019/2020"]
[Site "?"]
[Date "2019.10.13"]
[Round "1.2"]
[White "Mezes, Kristof"]
[Black "Kiss, Marton Dezso"]
[Result "1-0"]
[WhiteElo "1603"]
[BlackElo "1000"]
[PlyCount "107"]
[EventDate "2019.10.13"]
[WhiteTeam "Ĺ K DunajskĂˇ Streda C"]
[BlackTeam "MĹ K Corvin VeÄľkĂ˝ Meder"]

1. d4 d5 2. c4 e6 3. Nc3 Nf6 4. Bg5 Be7 5. Nf3 O-O 6. e3 c6 7. Bd3 h6 8. Bh4
Re8 9. O-O Nbd7 10. a3 Nb6 11. cxd5 exd5 12. b4 Be6 13. Rc1 Qd6 14. Bg3 Qd7 15.
Qe2 Bd6 16. Be5 Qe7 17. Qb2 Bg4 18. Bxd6 Qxd6 19. Ne5 Qe6 20. b5 Nfd7 21. Nxg4
Qxg4 22. bxc6 bxc6 23. Na2 Rab8 24. Nb4 a5 25. Nxc6 Nc4 26. Qc3 Rb6 27. Nxa5
Qg5 28. Nxc4 dxc4 29. Qxc4 Reb8 30. Rb1 Qa5 31. Rxb6 Rxb6 32. Qc8+ Nf8 33. Qc7
Ne6 34. Qc8+ Nf8 35. Bh7+ Kxh7 36. Qxf8 f6 37. Qe7 Rb3 38. Rc1 Qf5 39. h3 Rb2
40. Rf1 Rb1 41. Rxb1 Qxb1+ 42. Kh2 Qa2 43. Qe4+ Kg8 44. f3 Qxa3 45. d5 Qd6+ 46.
f4 Kf7 47. Kg3 g5 48. Qh7+ Ke8 49. Qxh6 gxf4+ 50. Qxf4 Qxd5 51. Qxf6 Qg8+ 52.
Kh2 Qb3 53. Qe5+ Kf7 54. e4 1-0

[Event "4.liga A22 2019/2020"]
[Site "?"]
[Date "2019.10.13"]
[Round "1.2"]
[White "Boros, David"]
[Black "Kiss, Balazs"]
[Result "0-1"]
[WhiteElo "1113"]
[BlackElo "1409"]
[PlyCount "114"]
[EventDate "2019.10.13"]
[WhiteTeam "MĹ K Corvin VeÄľkĂ˝ Meder"]
[BlackTeam "Ĺ K DunajskĂˇ Streda C"]

1. e4 c5 2. c3 Nc6 3. d4 cxd4 4. cxd4 Nf6 5. Nc3 e6 6. Nf3 d6 7. Bg5 Be7 8. e5
dxe5 9. dxe5 Nd7 10. Bxe7 Qxe7 11. Bb5 O-O 12. Bxc6 bxc6 13. O-O Rd8 14. Qe2
Nc5 15. Qc2 Ba6 16. Rfd1 h6 17. Rxd8+ Rxd8 18. Rd1 Rxd1+ 19. Qxd1 Nd3 20. Qb3
Qc5 21. Qc2 Nxe5 22. Nd2 f5 23. g3 Nd3 24. Nb3 Qe5 25. Qd2 f4 26. Ne2 fxg3 27.
Nxg3 Nxb2 28. f4 Qf6 29. Ne4 Qg6+ 30. Ng3 Qb1+ 31. Kf2 Qxa2 32. Ne2 Qxb3 33.
Nd4 Nd3+ 34. Ke2 Qd5 35. Nc2 Nb4+ 36. Ke1 Qe4+ 37. Ne3 Qxe3+ 38. Qxe3 Nc2+ 39.
Kd2 Nxe3 40. Kxe3 Kf7 41. h4 Kf6 42. h5 c5 43. Kd2 Kf5 44. Kc2 Kxf4 45. Kc3 e5
46. Kd2 e4 47. Kd1 Kf3 48. Ke1 c4 49. Kd2 e3+ 50. Ke1 c3 51. Kd1 Kf2 52. Kc2 e2
53. Kxc3 e1=Q+ 54. Kc2 Ke2 55. Kb2 Qb4+ 56. Kc2 Bd3+ 57. Kc1 Qb1# 0-1

[Event "4.liga A22 2019/2020"]
[Site "?"]
[Date "2019.10.13"]
[Round "1.3"]
[White "Kosticky, Simon"]
[Black "Szocs, Ladislav"]
[Result "1-0"]
[WhiteElo "1719"]
[BlackElo "1771"]
[PlyCount "95"]
[EventDate "2019.10.13"]
[WhiteTeam "ŠK Lokomotíva Trnava C"]
[BlackTeam "DSC Potôňska veža C"]

1. c4 Nf6 2. Nc3 d5 3. cxd5 Nxd5 4. g3 g6 5. d3 Bg7 6. Bd2 O-O 7. Bg2 c6 8. Nf3
Qb6 9. Rb1 Be6 10. Ng5 Nc7 11. O-O Bg4 12. Qa4 Qd4 13. Qb3 Qb6 14. Qa3 h6 15.
Be3 Qa6 16. Qxe7 Nd5 17. Nxd5 cxd5 18. Nxf7 Nc6 19. Qd6 Rxf7 20. Bxd5 Raf8 21.
Qxg6 Ne5 22. Qxa6 bxa6 23. f3 Bh3 24. Rfc1 Kh7 25. Bxf7 Rxf7 26. Rc5 Re7 27.
Bf4 Nxf3+ 28. Kf2 Bd4+ 29. Kxf3 Bxc5 30. Rc1 Bd4 31. Rc6 Bg7 32. d4 Be6 33. Rd6
Bxa2 34. e4 Bc4 35. e5 h5 36. Ke4 Kg8 37. d5 Kf8 38. Rd8+ Re8 39. Rd7 Re7 40.
Rd6 Ke8 41. e6 Bxb2 42. Bg5 Ba3 43. Bxe7 Bxd6 44. Bxd6 a5 45. Ke5 a4 46. Ba3 a6
47. d6 Bb3 48. d7+ 1-0

[Event "4.liga A22 2019/2020"]
[Site "?"]
[Date "2019.10.13"]
[Round "1.3"]
[White "Both, Lajos"]
[Black "Fajnor, Dusan"]
[Result "1-0"]
[WhiteElo "1712"]
[BlackElo "1645"]
[PlyCount "30"]
[EventDate "2019.10.13"]
[WhiteTeam "DSC Potôňska veža C"]
[BlackTeam "ŠK Lokomotíva Trnava C"]

1. Nf3 c5 2. c4 Nc6 3. b3 Nf6 4. Bb2 e6 5. g3 Be7 6. Bg2 Rb8 7. O-O O-O 8. e3
b5 9. cxb5 Rxb5 10. Qe2 Rb8 11. Rd1 d5 12. d4 cxd4 13. exd4 Qa5 14. Nc3 Ba6 15.
Qd2 {mobil} Rfc8 1-0

[Event "4.liga A22 2019/2020"]
[Site "?"]
[Date "2019.10.13"]
[Round "1.3"]
[White "Nemcovic, Peter"]
[Black "Rozsas, Daniel"]
[Result "1-0"]
[WhiteElo "1635"]
[BlackElo "1713"]
[PlyCount "73"]
[EventDate "2019.10.13"]
[WhiteTeam "ŠK Lokomotíva Trnava C"]
[BlackTeam "DSC Potôňska veža C"]

1. e4 c5 2. Nf3 e6 3. c3 d5 4. exd5 Qxd5 5. Be2 Nc6 6. O-O Nf6 7. d4 cxd4 8.
cxd4 a6 9. Bf4 Ne7 10. Nbd2 Ng6 11. Bg3 h5 12. Nc4 Nd7 13. Bd3 h4 14. Bc7 h3
15. g3 Qc6 16. Ba5 b5 17. Ncd2 Nf6 18. Re1 Rh6 19. Ne4 Be7 20. Nxf6+ Bxf6 21.
Be4 Qd6 22. Bxa8 Nf4 23. Bd2 Rg6 24. Rc1 Nd3 25. Rxc8+ Kd7 26. Rc3 Rxg3+ 27.
fxg3 Nxe1 28. Bxe1 e5 29. d5 e4 30. Nh4 Qb6+ 31. Bf2 e3 32. Bxe3 Qd8 33. Bb6
Qxb6+ 34. Kf1 Bxc3 35. bxc3 Qf6+ 36. Qf3 Qe5 37. Qf5+ 1-0

[Event "4.liga A22 2019/2020"]
[Site "?"]
[Date "2019.10.13"]
[Round "1.3"]
[White "Pinter, Marek"]
[Black "Dzivak, Jan"]
[Result "1/2-1/2"]
[WhiteElo "1491"]
[BlackElo "1383"]
[PlyCount "96"]
[EventDate "2019.10.13"]
[WhiteTeam "DSC Potôňska veža C"]
[BlackTeam "ŠK Lokomotíva Trnava C"]

1. e4 d5 2. exd5 Qxd5 3. Nc3 Qa5 4. d3 Nc6 5. Nf3 Bg4 6. h3 Bh5 7. Be2 Nf6 8.
Bd2 O-O-O 9. Ne4 Qb6 10. Nxf6 gxf6 11. Bc3 Bxf3 12. Bxf3 Nd4 13. Bxd4 Qxd4 14.
Rb1 Rg8 15. Qe2 Qb4+ 16. Qd2 Qd4 17. Qe3 Qb4+ 18. Qd2 Qxd2+ 19. Kxd2 Bh6+ 20.
Ke2 Rg5 21. Rhe1 Rd4 22. Kf1 e6 23. Re4 Rd6 24. Rg4 Rxg4 25. Bxg4 f5 26. Bh5 f6
27. Re1 e5 28. Bf7 Rc6 29. Bc4 Kd7 30. Bb5 Kd6 31. Bxc6 bxc6 32. f3 Kd5 33. c3
c5 34. g4 fxg4 35. hxg4 c4 36. dxc4+ Kxc4 37. Rd1 a5 38. Ke2 c5 39. Rd3 a4 40.
Rd7 Bc1 41. b3+ axb3 42. axb3+ Kxb3 43. Kd3 c4+ 44. Ke4 Kxc3 45. Rxh7 Kc2 46.
Kf5 Bg5 47. Rh5 c3 48. Rh2+ Kb1 1/2-1/2

[Event "4.liga A22 2019/2020"]
[Site "?"]
[Date "2019.10.13"]
[Round "1.3"]
[White "Dzivak, Jozef"]
[Black "Lelkes, Geza"]
[Result "1-0"]
[WhiteElo "1000"]
[BlackElo "1482"]
[PlyCount "145"]
[EventDate "2019.10.13"]
[WhiteTeam "ŠK Lokomotíva Trnava C"]
[BlackTeam "DSC Potôňska veža C"]

1. c4 e5 2. b3 Nc6 3. Bb2 a6 4. g3 Bc5 5. Bg2 Nge7 6. d3 O-O 7. Nf3 d6 8. O-O
h6 9. Nbd2 Ba7 10. Qc2 Bd7 11. Rac1 Qc8 12. Rfd1 Bh3 13. Qc3 Bxg2 14. Kxg2 d5
15. Nxe5 d4 16. Nxc6 Nxc6 17. Qc2 Qe6 18. Nf3 Rad8 19. Re1 Rfe8 20. Ba1 Re7 21.
Qd2 Bc5 22. Qb2 f6 23. a3 Ba7 24. c5 Qd5 25. b4 b6 26. Rc2 bxc5 27. bxc5 Rb8
28. Qa2 Qxa2 29. Rxa2 Bxc5 30. Rc2 Rb5 31. a4 Ra5 32. Rec1 Ne5 33. Rxc5 Rxa4
34. Nxe5 fxe5 35. Bb2 Ra2 36. R1c2 Kh7 37. Bc1 Rxc2 38. Rxc2 h5 39. Rc6 a5 40.
Ra6 a4 41. Rxa4 Re6 42. Ra7 Rc6 43. Bd2 Kg6 44. Ba5 Kf5 45. Rxc7 Rg6 46. Re7 h4
47. Bc7 hxg3 48. Rxe5+ Kf6 49. hxg3 Kf7 50. Bb6 Rxb6 51. Re4 Rd6 52. e3 dxe3
53. Rxe3 g5 54. f4 gxf4 55. gxf4 Rd4 56. Kf3 Kf6 57. Kg4 Rd7 58. Kf3 Rh7 59. d4
Rh3+ 60. Ke4 Rh7 61. d5 Re7+ 62. Kd4 Rd7 63. Kc5 Kf5 64. Kc6 Rh7 65. d6 Kxf4
66. Re7 Rh6 67. Kc7 Rh5 68. d7 Rc5+ 69. Kd8 Kf5 70. Ke8 Rd5 71. d8=Q Rxd8+ 72.
Kxd8 Kf6 73. Re4 1-0

[Event "4.liga A22 2019/2020"]
[Site "?"]
[Date "2019.10.13"]
[Round "1.5"]
[White "Bohunicky, Ivan"]
[Black "Lukacovic, Miroslav"]
[Result "1/2-1/2"]
[WhiteElo "1931"]
[BlackElo "1911"]
[PlyCount "171"]
[EventDate "2019.10.13"]
[WhiteTeam "ŠK Dolná Krupá"]
[BlackTeam "ŠK Šúrovce"]

1. d4 d5 2. c4 e5 3. dxe5 d4 4. Nf3 Nc6 5. g3 Bg4 6. Bg2 Qd7 7. O-O O-O-O 8.
Nbd2 Nge7 9. Re1 Ng6 10. Qb3 Bh3 11. Bh1 h5 12. Ng5 Ngxe5 13. Ndf3 Nxf3+ 14.
Bxf3 Bf5 15. Qb5 h4 16. Qd5 hxg3 17. hxg3 Bg6 18. Qxd7+ Kxd7 19. Kg2 f6 20.
Bg4+ f5 21. Bf3 Nb4 22. Bf4 Nc2 23. Rh1 Rxh1 24. Rxh1 Bd6 25. a3 Bxf4 26. gxf4
c6 27. Rc1 d3 28. Rd1 Ke7 29. Rxd3 Rxd3 30. exd3 Ne1+ 31. Kg3 Nxd3 32. b3 Be8
33. Bd1 Bd7 34. Bc2 Nc5 35. Kh4 g6 36. Nf3 Kf6 37. Ng5 Be6 38. Nh7+ Kg7 39. Ng5
Bg8 40. Nf3 Ne6 41. Kg3 Kf6 42. Bd3 Bf7 43. Bc2 Be8 44. Bd3 c5 45. Be2 b6 46.
Bd1 Bc6 47. Ne5 Be8 48. Nf3 a6 49. a4 Ng7 50. Nd2 Bc6 51. Be2 Ne6 52. Bf3 Be8
53. Bb7 a5 54. Nf3 Ng7 55. Ng5 Nh5+ 56. Kf3 Ke7 57. Bd5 Nf6 58. Bb7 Bd7 59. Ke3
Be6 60. Nf3 Ng4+ 61. Ke2 Kf6 62. Ng5 Bg8 63. Nf3 Ke7 64. Nd2 Be6 65. Nf1 Kd6
66. Bf3 Nf6 67. Ne3 Bf7 68. Ng2 Be8 69. Nh4 Nd7 70. Ng2 Nf8 71. Bd5 Bc6 72. Ne3
Bxd5 73. Nxd5 Ne6 74. Kd3 Nd4 75. Kc3 Ke6 76. Nc7+ Kd7 77. Nd5 Kd6 78. Kb2 Ne2
79. Kc2 Nd4+ 80. Kc3 Ke6 81. Nc7+ Kd7 82. Nd5 Kd6 83. Kb2 Ne6 84. Kc3 Nd4 85.
Kb2 Ne2 86. Kc2 1/2-1/2

[Event "4.liga A22 2019/2020"]
[Site "?"]
[Date "2019.10.13"]
[Round "1.5"]
[White "Bukovsky, Milan"]
[Black "Polak, Peter"]
[Result "1/2-1/2"]
[WhiteElo "1875"]
[BlackElo "1831"]
[PlyCount "139"]
[EventDate "2019.10.13"]
[WhiteTeam "ŠK Šúrovce"]
[BlackTeam "ŠK Dolná Krupá"]

1. d4 d5 2. Nf3 Nf6 3. c4 c6 4. Nc3 dxc4 5. a4 Bf5 6. e3 e6 7. Bxc4 Bb4 8. O-O
h6 9. Qe2 O-O 10. e4 Bh7 11. e5 Nd5 12. Nxd5 cxd5 13. Bd3 Bxd3 14. Qxd3 Nc6 15.
Be3 Rc8 16. Rac1 Qe7 17. Nd2 f5 18. exf6 Qxf6 19. Nb3 Qe7 20. f4 Rf7 21. Rc2
Rcf8 22. Rcf2 Bd6 23. g3 Nb4 24. Qe2 Qd7 25. a5 Qa4 26. Nc5 Bxc5 27. dxc5 Qd7
28. Bd2 Nc6 29. Bc3 a6 30. Qg4 Rf5 31. Re1 d4 32. Rd2 Qd5 33. Rd3 Qxc5 34. Bd2
Qc4 35. Qe2 Re8 36. Re3 Qxe2 37. R3xe2 Kf7 38. b4 Rb5 39. Re4 Re7 40. Kg2 Nxb4
41. Rb1 Nc6 42. Rxb5 axb5 43. Kf3 Rd7 44. Re1 Rd5 45. Rc1 Ke7 46. a6 Rd7 47.
axb7 Nb8 48. Bb4+ Kf7 49. Rc8 Rxb7 50. Ke4 Na6 51. Ba3 Rd7 52. Kd3 Kg6 53. Rc6
Nc7 54. Bb2 Kf7 55. Rb6 g5 56. fxg5 hxg5 57. h4 gxh4 58. gxh4 e5 59. Bc1 Rd5
60. Rb7 Rc5 61. Bd2 Kg6 62. Bb4 Rc6 63. Ke4 Rc4 64. Ba5 Ne8 65. Kxe5 d3 66.
Rxb5 Rxh4 67. Rd5 Rh5+ 68. Kd4 Rxd5+ 69. Kxd5 Kf5 70. Kd4 1/2-1/2

[Event "4.liga A22 2019/2020"]
[Site "?"]
[Date "2019.10.13"]
[Round "1.5"]
[White "Vagovsky, Jozef"]
[Black "Kincel, Frantisek"]
[Result "1/2-1/2"]
[WhiteElo "1783"]
[BlackElo "1821"]
[PlyCount "51"]
[EventDate "2019.10.13"]
[WhiteTeam "ŠK Dolná Krupá"]
[BlackTeam "ŠK Šúrovce"]

1. d4 Nf6 2. Nf3 g6 3. c4 Bg7 4. g3 O-O 5. Bg2 d6 6. Nc3 Re8 7. O-O Nbd7 8. e4
e5 9. dxe5 Nxe5 10. Nxe5 dxe5 11. h3 c6 12. Qe2 Be6 13. Rd1 Qc7 14. Be3 b6 15.
b3 Rad8 16. Rxd8 Rxd8 17. Rd1 Bf8 18. Rd3 Rxd3 19. Qxd3 Qd7 20. Qxd7 Nxd7 21.
Kf1 Bb4 22. Nd1 a5 23. Ke2 a4 24. Bd2 Bxd2 25. Kxd2 axb3 26. axb3 1/2-1/2

[Event "4.liga A22 2019/2020"]
[Site "?"]
[Date "2019.10.13"]
[Round "1.5"]
[White "Sipkovsky, Ladislav"]
[Black "Brestovansky, Anton"]
[Result "1/2-1/2"]
[WhiteElo "1767"]
[BlackElo "1689"]
[PlyCount "69"]
[EventDate "2019.10.13"]
[WhiteTeam "ŠK Šúrovce"]
[BlackTeam "ŠK Dolná Krupá"]

1. e4 c5 2. Nf3 Nc6 3. d4 cxd4 4. Nxd4 d6 5. Bb5 Bd7 6. Bxc6 Bxc6 7. Nxc6 bxc6
8. b3 Nf6 9. Nd2 e6 10. Bb2 Be7 11. O-O O-O 12. e5 dxe5 13. Bxe5 Bd6 14. Bxd6
Qxd6 15. Nc4 Qc7 16. Qe2 Nd5 17. Qe5 Qxe5 18. Nxe5 Ne7 19. c4 Rfd8 20. Rad1 f6
21. Nf3 Kf7 22. Rfe1 e5 23. Kf1 Nf5 24. g4 Ne7 25. Ke2 a5 26. Rxd8 Rxd8 27. Rd1
Rxd1 28. Kxd1 c5 29. Kc2 Ke6 30. Kd3 g6 31. Nd2 f5 32. h3 h6 33. Ke3 Nc6 34. a3
Nd4 35. Kd3 1/2-1/2

[Event "4.liga A22 2019/2020"]
[Site "?"]
[Date "2019.10.13"]
[Round "1.5"]
[White "Petras, Stefan"]
[Black "Karel, Branislav"]
[Result "1-0"]
[WhiteElo "1689"]
[BlackElo "1425"]
[PlyCount "55"]
[EventDate "2019.10.13"]
[WhiteTeam "ŠK Dolná Krupá"]
[BlackTeam "ŠK Šúrovce"]

1. e4 c6 2. Nc3 d5 3. Nf3 Nf6 4. d4 dxe4 5. Ng5 Bf5 6. Bc4 e6 7. a3 h6 8. Nh3
Bd6 9. Nf4 Qc7 10. g3 Nbd7 11. Be2 Nd5 12. Ncxd5 exd5 13. Bg4 Bh7 14. O-O O-O
15. Be3 Nf6 16. Be2 Rfe8 17. Rc1 Qd7 18. c4 b6 19. Qa4 Rab8 20. cxd5 c5 21. Bb5
Qf5 22. Bxe8 Rxe8 23. dxc5 Bxc5 24. Bxc5 bxc5 25. Rxc5 e3 26. fxe3 Rxe3 27. Ne6
Rxe6 28. Rc8+ 1-0

[Event "4.liga A22 2019/2020"]
[Site "?"]
[Date "2019.10.13"]
[Round "1.6"]
[White "Bisco, Igor"]
[Black "Tupy, Emil"]
[Result "1-0"]
[WhiteElo "1985"]
[BlackElo "1618"]
[PlyCount "63"]
[EventDate "2019.10.13"]
[WhiteTeam "ŠK Hlohovec A"]
[BlackTeam "ŠK Hlohovec B"]

1. e4 e5 2. Nf3 Nf6 3. Nxe5 d6 4. Nf3 Nxe4 5. d3 Nf6 6. d4 a6 7. Bd3 g6 8. O-O
c6 9. Re1+ Be7 10. Bh6 Rg8 11. c4 Nbd7 12. Nc3 b5 13. Qd2 bxc4 14. Bxc4 d5 15.
Bb3 Nb6 16. Ne5 Bd7 17. Bg5 Be6 18. Nxc6 Qc7 19. Nxe7 Qxe7 20. Nxd5 Nbxd5 21.
Bxd5 Nxd5 22. Bxe7 Kxe7 23. h3 Rad8 24. Rac1 h5 25. Qg5+ f6 26. Qh6 Kf7 27. Rc6
Bc8 28. Rc5 Nb4 29. Rc7+ Bd7 30. Qe3 Kg7 31. Qe7+ Kh6 32. Qxb4 {čierny sa
vzdal} 1-0

[Event "4.liga A22 2019/2020"]
[Site "?"]
[Date "2019.10.13"]
[Round "1.6"]
[White "Jancicka, Viliam"]
[Black "Starzec, Juraj"]
[Result "1/2-1/2"]
[WhiteElo "1587"]
[BlackElo "1944"]
[PlyCount "35"]
[EventDate "2019.10.13"]
[WhiteTeam "ŠK Hlohovec B"]
[BlackTeam "ŠK Hlohovec A"]

1. Nf3 Nf6 2. d4 d5 3. Bg5 Ne4 4. Bf4 e6 5. h3 c5 6. e3 Nc6 7. c3 a6 8. Bd3 Nf6
9. Nbd2 Be7 10. O-O h6 11. Ne5 O-O 12. Bg3 Bd7 13. f4 Rc8 14. Ndf3 Qb6 15. Qe2
cxd4 16. exd4 Nxe5 17. fxe5 Ne4 18. Be1 1/2-1/2

[Event "4.liga A22 2019/2020"]
[Site "?"]
[Date "2019.10.13"]
[Round "1.6"]
[White "Gajarsky, Roman"]
[Black "Javor, Jozef"]
[Result "1-0"]
[WhiteElo "1800"]
[BlackElo "1361"]
[PlyCount "65"]
[EventDate "2019.10.13"]
[WhiteTeam "ŠK Hlohovec A"]
[BlackTeam "ŠK Hlohovec B"]

1. d4 d5 2. Bf4 Nf6 3. e3 Nbd7 4. c4 e6 5. c5 c6 6. Bd3 Be7 7. Nc3 O-O 8. b4 b5
9. a4 a6 10. axb5 cxb5 11. Bxb5 Bb7 12. Ba4 Nb8 13. Nf3 Bc6 14. Ne5 Bxa4 15.
Rxa4 Nh5 16. Qxh5 Bf6 17. O-O g6 18. Qe2 Bg7 19. b5 a5 20. Rfa1 Nd7 21. Nxd7
Qxd7 22. Rxa5 Rxa5 23. Rxa5 Re8 24. Qd2 f6 25. Bd6 Qf7 26. c6 e5 27. dxe5 fxe5
28. Qxd5 Qxd5 29. Nxd5 h5 30. c7 Bf8 31. Bxf8 Kxf8 32. b6 Kf7 33. b7 {čierny
sa vzdal} 1-0

[Event "4.liga A22 2019/2020"]
[Site "?"]
[Date "2019.10.13"]
[Round "1.6"]
[White "Kukla, Adam"]
[Black "Cerny, Patrik"]
[Result "0-1"]
[WhiteElo "1000"]
[BlackElo "1579"]
[PlyCount "78"]
[EventDate "2019.10.13"]
[WhiteTeam "ŠK Hlohovec B"]
[BlackTeam "ŠK Hlohovec A"]

1. e4 c5 2. Nf3 d6 3. Bc4 Nf6 4. d3 g6 5. Nc3 Bg7 6. O-O O-O 7. Bg5 Nc6 8. Qd2
Bg4 9. Qe3 a6 10. h3 Bxf3 11. Qxf3 h6 12. Bxf6 Bxf6 13. Qf4 e6 14. Qxh6 Bg5 15.
Qxf8+ Qxf8 16. Rab1 Qh6 17. Ne2 Ne5 18. b3 b5 19. Bxb5 axb5 20. Ra1 Kg7 21. Ng3
Bf4 22. a4 bxa4 23. Rxa4 Rxa4 24. bxa4 Bxg3 25. fxg3 Qe3+ 26. Kh1 Qe2 27. Ra1
Qxc2 28. a5 Qb2 29. Rf1 Nxd3 30. a6 Qa3 31. Rd1 Qxa6 32. Rf1 c4 33. Rb1 c3 34.
Kh2 c2 35. Rg1 c1=Q 36. Rxc1 Nxc1 37. Kh1 Qf1+ 38. Kh2 Ne2 39. e5 Qg1# 0-1

[Event "4.liga A22 2019/2020"]
[Site "?"]
[Date "2019.10.13"]
[Round "1.6"]
[White "Mikus, Andrej"]
[Black "Zelenay, Marek"]
[Result "1-0"]
[WhiteElo "1334"]
[BlackElo "1000"]
[PlyCount "41"]
[EventDate "2019.10.13"]
[WhiteTeam "ŠK Hlohovec A"]
[BlackTeam "ŠK Hlohovec B"]

1. e4 e5 2. Nf3 Nc6 3. Bb5 a6 4. Bxc6 bxc6 5. Nc3 Nf6 6. Nxe5 Bb4 7. d3 Bxc3+
8. bxc3 Rb8 9. O-O O-O 10. Bg5 Rb5 11. d4 Bb7 12. c4 Ra5 13. Nf3 d5 14. e5 h6
15. Bh4 g5 16. Nxg5 Re8 17. Nh3 Bc8 18. Bxf6 Qd7 19. Qd2 Qg4 20. Qxh6 Qg6 21.
Qh8# 1-0